000 00604nam a2200217Ia 4500
003 OSt
005 20220928144821.0
006 a|||||r|||| 00| 0
007 ta
008 220927b |||||||| |||| 00| 0 eng d
024 _a76210
037 _cTextual
040 _aSDCL
_cSDCL
_beng
041 _2eng
_aeng
082 _aX9B:6.2'N8, M6
100 _aDawar Ram
_9509769
245 0 _aInstitutional finance to small scale industries
_b Hire- purchase finance for plant and machinery.
260 _c1986
942 _hX9B:6.2'N8, M6
_cTEXL
_2CC
999 _c829764
_d829764